Countries Most Similar To Ghana - Statistics

General Stats
  • This quiz has been taken 28 times
  • The average score is 14 of 20
Answer Stats
Rank Country Score % Correct
5 Ivory Coast 76.2
90%
1 Nigeria 80.6
90%
11 Togo 74.3
85%
19 Republic of the Congo 69.9
80%
17 Senegal 70.5
80%
10 Benin 74.5
75%
16 Gabon 71.3
75%
6 Liberia 75.9
75%
12 Cameroon 73.8
70%
15 Guinea 71.8
70%
13 Gambia 73.8
65%
2 Sierra Leone 77.8
65%
4 Zambia 76.2
65%
20 CAR 69.8
60%
8 Kenya 74.9
60%
7 Uganda 75.3
55%
14 Zimbabwe 73.2
55%
18 Rwanda 70.1
50%
3 Tanzania 76.4
50%
9 Malawi 74.6
35%
No matching quizzes found
Score Distribution
Percent of People with Each Score
Percentile by Number Answered
Your Score History
You have not taken this quiz